000 01482naa a2200349 c 4500
001 50362
999 _c50362
_d50362
003 ES-MaCES
005 20171219111213.0
008 171219s2017 sp ||||| t||||||| ||spa d
040 _aES-MaCES
_bspa
_cES-MaCES
_dES-MaCES
100 _938822
_aRoyuela Mora, Vicente
245 1 4 _aLas ciudades españolas tras la Gran Recesión
_b: una mirada a la población, el empleo y los precios de la vivienda
_cVicente Royuela, David Castells-Quintana, Celia Melguizo
500 _aResumen
504 _aBibliografía: p. 33
650 4 _928617
_aciudad
650 4 _928621
_apoblación urbana
650 4 _929234
_adesarrollo económico y social
650 4 _927094
_acrecimiento económico
650 4 _928619
_adesarrollo urbano
650 4 _928299
_aempleo
650 4 _928598
_avivienda
650 4 _927914
_aprecio al consumidor
650 4 _927070
_aanálisis económico
650 4 _927102
_acrisis económica
650 4 _927082
_aconsecuencias económicas
653 1 0 _aVivienda-Construcción-Urbanismo
700 _938823
_aCastells Quintana, David
700 _938824
_aMelguizo, Celia
773 0 _986844
_dMadrid (Padre Damián, 48, 28036) Fundación Fondo para la Investigación Económica y Social, Obra Social de la Confederación Española de Cajas de Ahorros
_o089740
_tPapeles de economía española
_w(ES-MaCES)25203
_gn. 153 (2017) {10187 R. 089740} ;p. 23-33
902 _aART Artículo de revista
942 _2CES
_cAR
_h5.2.